000
00295nam a2200109Ia 4500
008
240109s9999 xx 000 0 und d
041
_a
eng
100
_a
F.L..Lobo
245
_a
Strategies & Techniques For Successful Selling
260
_b
Global Business Press Delhi95
650
_a
Management
999
_c
1022105
_d
1022105